[Event "Mittelfrankenliga 05/06 (B1)"]
[Site "Mfr.2005/06-R6"]
[Date "2006.02.12"]
[Round "6.7"]
[White "Puehn, Georg"]
[Black "Vogt, Peter[62]"]
[Result "0-1"]
[WhiteElo "1890"]
[BlackElo "1870"]
[Annotator "Schwanstetten1-NT Nbg.3"]
[PlyCount "104"]
[EventDate "2006.02.12"]
[SourceDate "2005.10.17"]

1. e4 c5 2. Nf3 d6 3. Bb5+ Nd7 4. O-O Ngf6 5. Re1 e6 6. b3 Be7 7. Bb2 O-O 8. c3
a6 9. Bf1 b5 10. d4 Bb7 11. Nbd2 Rc8 12. Bd3 Qc7 13. Qe2 e5 14. a4 c4 15. bxc4
bxc4 16. Bxc4 Nxe4 17. Bxa6 Nxc3 18. Bxc3 Bxa6 19. Qxa6 Qxc3 20. Rac1 Qxc1 21.
Rxc1 Rxc1+ 22. Nf1 exd4 23. Qa7 Rd8 24. Qxd4 Bf6 25. Qb4 h6 26. g3 Ne5 27. Nxe5
dxe5 28. Kg2 Ra1 29. Ne3 Ra8 30. Ng4 R1xa4 31. Nxf6+ gxf6 32. Qb6 R8a6 33. Qe3
Kg7 34. h4 R6a5 35. Qe2 f5 36. Qh5 e4 37. g4 fxg4 38. Qxg4+ Kf8 39. Qc8+ Ke7
40. Qc7+ Kf6 41. Qd6+ Kg7 42. Qg3+ Kh7 43. Qc7 Ra7 44. Qe5 R7a6 45. Qf5+ Rg6+
46. Kh2 Kg7 47. Qe5+ Rf6 48. Kg3 Ra3+ 49. Kg4 Raf3 50. Qxe4 Rxf2 51. Kg3 R6f3+
52. Kg4 f5+ 0-1

[Event "Mittelfrankenliga 05/06 (B1)"]
[Site "Mfr.2005/06-R6"]
[Date "2006.02.12"]
[Round "6.8"]
[White "Kotissek, Ulrich"]
[Black "Gebhard, Thomas"]
[Result "1/2-1/2"]
[WhiteElo "1884"]
[BlackElo "1879"]
[Annotator "Schwanstetten1-NT Nbg.3"]
[PlyCount "65"]
[EventDate "2006.02.12"]
[SourceDate "2005.10.17"]

1. d4 c5 2. Nf3 cxd4 3. Nxd4 d5 4. g3 Nf6 5. Bg2 e6 6. c4 Be7 7. Nc3 dxc4 8.
Qa4+ Nbd7 9. Qxc4 O-O 10. Nf3 Nb6 11. Qb3 Nbd5 12. Bd2 b6 13. O-O Bb7 14. Rfd1
Qb8 15. Rac1 Nxc3 16. Bxc3 Bd5 17. Qa4 Qb7 18. Be5 Rac8 19. b3 h6 20. Qf4 Rfd8
21. Rxc8 Rxc8 22. Rc1 Rxc1+ 23. Qxc1 Nd7 24. Bd4 Bf6 25. Bxf6 Nxf6 26. Ne1 Bxg2
27. Nxg2 Qe4 28. Ne3 Nd5 29. Nxd5 Qxd5 30. Qc8+ Kh7 31. Qc2+ Kg8 32. Qc8+ Kh7
33. Qc2+ 1/2-1/2

[Event "Mittelfrankenliga 05/06 (B2a)"]
[Site "Mfr.2005/06-R6"]
[Date "2006.02.12"]
[Round "6.1"]
[White "Kuhlmann, Christoph,Dr."]
[Black "Krisin, Joachim"]
[Result "1-0"]
[WhiteElo "2097"]
[BlackElo "1898"]
[Annotator "Siem.Erlangen1-Lauf1"]
[PlyCount "101"]
[EventDate "2006.02.12"]
[SourceDate "2005.10.17"]

1. c4 c5 2. Nc3 Nc6 3. g3 g6 4. Bg2 Bg7 5. e3 e5 6. Nge2 Nge7 7. O-O O-O 8. a3
d6 9. Rb1 Be6 10. Nd5 Bf5 11. e4 Bd7 12. b4 b6 13. b5 Nd4 14. Nxe7+ Qxe7 15.
Nxd4 exd4 16. d3 Rae8 17. Bd2 f5 18. f4 fxe4 19. Bxe4 Bf5 20. Bd5+ Be6 21. Bc6
Bd7 22. Re1 Qf7 23. Bd5 Be6 24. Rxe6 Rxe6 25. Qg4 Rfe8 26. Re1 Rxe1+ 27. Bxe1
Rxe1+ 28. Kf2 Qxd5 29. cxd5 Re3 30. Qd7 Bf8 31. Qxa7 Rxd3 32. Qxb6 Rxa3 33. Qa6
Rb3 34. b6 Rb2+ 35. Kf3 c4 36. Qxc4 Rxb6 37. Qxd4 Rb3+ 38. Kg4 Be7 39. Qe4 Rb7
40. h4 h5+ 41. Kh3 Kg7 42. Qe6 Rc7 43. f5 gxf5 44. Qxf5 Kh6 45. Qf7 Rb7 46. Kg2
Rc7 47. Kf3 Bd8 48. Qf8+ Kg6 49. Qxd8 Rc3+ 50. Kg2 Rd3 51. Qg5+ 1-0

[Event "Mittelfrankenliga 05/06 (B2a)"]
[Site "Mfr.2005/06-R6"]
[Date "2006.02.12"]
[Round "6.2"]
[White "Guenther, Torsten"]
[Black "Hauernherm-Thoma, Wolfgang"]
[Result "1/2-1/2"]
[WhiteElo "1978"]
[BlackElo "2071"]
[Annotator "Siem.Erlangen1-Lauf1"]
[PlyCount "111"]
[EventDate "2006.02.12"]
[SourceDate "2005.10.17"]

1. c4 Nf6 2. g3 e5 3. Bg2 d5 4. cxd5 Nxd5 5. Qa4+ Nc6 6. Nc3 Nb6 7. Bxc6+ bxc6
8. Qxc6+ Bd7 9. Qe4 Qf6 10. Qc2 Bc6 11. e4 Bc5 12. d3 Rd8 13. Be3 Bxe3 14. fxe3
O-O 15. O-O-O Bb7 16. h4 Rd6 17. Nh3 Ba6 18. Rhf1 Qe7 19. Rd2 c5 20. a4 Qd7 21.
Nf2 c4 22. Rfd1 cxd3 23. Nxd3 Nc4 24. Nxe5 Rxd2 25. Rxd2 Qxd2+ 26. Qxd2 Nxd2
27. Kxd2 Rd8+ 28. Kc2 Rd6 29. b4 f6 30. Nf3 Bb7 31. Nd4 a6 32. Kb3 Kf7 33. Kc4
Rd8 34. Nb3 Ke7 35. Nc5 Bc8 36. Nd5+ Kd6 37. b5 axb5+ 38. axb5 Re8 39. Kd4 Re5
40. Nd3 Re8 41. Nb2 Bb7 42. Nc4+ Kd7 43. Ncb6+ Kd8 44. g4 Bc8 45. g5 fxg5 46.
hxg5 h5 47. gxh6 gxh6 48. Nxc8 Kxc8 49. e5 h5 50. Nf6 Rh8 51. e6 h4 52. Ng4 h3
53. Kc5 h2 54. Nxh2 Rxh2 55. b6 Rh4 56. Kd6 1/2-1/2

[Event "Mittelfrankenliga 05/06 (B2a)"]
[Site "Mfr.2005/06-R6"]
[Date "2006.02.12"]
[Round "6.3"]
[White "Puschak, Oliver"]
[Black "Poelsterl, Hans"]
[Result "0-1"]
[WhiteElo "1918"]
[BlackElo "1852"]
[Annotator "Siem.Erlangen1-Lauf1"]
[PlyCount "96"]
[EventDate "2006.02.12"]
[SourceDate "2005.10.17"]

1. d4 Nf6 2. Nf3 c5 3. c3 b6 4. Qb3 d6 5. Bf4 g6 6. e3 Bg7 7. Bc4 O-O 8. dxc5
bxc5 9. O-O Qb6 10. Nbd2 Nc6 11. Rfe1 Na5 12. Qxb6 axb6 13. Bb5 Ba6 14. Bxa6
Rxa6 15. a3 Nc6 16. Rad1 Nh5 17. Bg5 h6 18. Bh4 g5 19. Bg3 b5 20. Re2 Rb8 21.
Ne4 Nxg3 22. hxg3 f5 23. Ned2 b4 24. axb4 cxb4 25. Nb1 b3 26. Nd4 Nxd4 27. exd4
e5 28. dxe5 Bxe5 29. Kf1 Ra2 30. Red2 f4 31. gxf4 Bxf4 32. Re2 Be5 33. g3 Kg7
34. Red2 Rf8 35. Ke2 h5 36. Kd3 Ra4 37. Re2 Rf3+ 38. Kd2 h4 39. gxh4 Bf4+ 40.
Ke1 Rh3 41. Nd2 gxh4 42. Re7+ Kf6 43. Rb7 Rh1+ 44. Ke2 Rxd1 45. Kxd1 h3 46. Rh7
h2 47. Nxb3 Kg6 48. Rh3 Ra7 0-1

[Event "Mittelfrankenliga 05/06 (B2a)"]
[Site "Mfr.2005/06-R6"]
[Date "2006.02.12"]
[Round "6.4"]
[White "Mueller, Stefan[65]"]
[Black "Petersammer, Georg"]
[Result "1-0"]
[WhiteElo "1967"]
[BlackElo "1970"]
[Annotator "Siem.Erlangen1-Lauf1"]
[PlyCount "105"]
[EventDate "2006.02.12"]
[SourceDate "2005.10.17"]

1. e4 c5 2. Nf3 Nc6 3. d4 cxd4 4. Nxd4 g6 5. Be3 Bg7 6. c3 d6 7. Nd2 Nf6 8. h3
O-O 9. Be2 Ne5 10. f4 Ned7 11. O-O Nc5 12. Bf3 Nfd7 13. b4 Ne6 14. Nxe6 fxe6
15. Qb3 Kh8 16. Nc4 Qc7 17. Rac1 e5 18. fxe5 dxe5 19. Bg5 Nf6 20. Ne3 Qb6 21.
Kh2 h6 22. Bxf6 Qxf6 23. Nd5 Qh4 24. Qd1 Be6 25. Qe1 Qxe1 26. Rfxe1 Bxd5 27.
exd5 Rf4 28. Re4 Rc8 29. c4 b6 30. c5 Rf6 31. Bg4 Rc7 32. c6 Rf4 33. Bf3 Rf6
34. b5 h5 35. a4 Bh6 36. Rc2 Rd6 37. Rec4 Bf4+ 38. g3 Be3 39. h4 Kg7 40. g4 Rf6
41. Kg2 hxg4 42. Rxg4 Kh6 43. Be4 g5 44. hxg5+ Bxg5 45. Rf2 Rf4 46. Rfxf4 exf4
47. Bf5 e6 48. d6 Rf7 49. c7 f3+ 50. Kf1 exf5 51. Rxg5 Kxg5 52. c8=Q Kf4 53.
Qc4+ 1-0

[Event "Mittelfrankenliga 05/06 (B2a)"]
[Site "Mfr.2005/06-R6"]
[Date "2006.02.12"]
[Round "6.5"]
[White "Zach, Andreas[59]"]
[Black "Weh, Peter"]
[Result "0-1"]
[WhiteElo "1879"]
[BlackElo "1839"]
[Annotator "Siem.Erlangen1-Lauf1"]
[PlyCount "112"]
[EventDate "2006.02.12"]
[SourceDate "2005.10.17"]

1. d4 e6 2. e4 d5 3. e5 c5 4. c3 Nc6 5. Nf3 f6 6. Bd3 fxe5 7. dxe5 Be7 8. O-O
Bd7 9. Re1 Nh6 10. Bxh6 gxh6 11. Nh4 O-O 12. Bxh7+ Kxh7 13. Qc2+ Kh8 14. Qg6
Bg5 15. Nf3 Qe7 16. Qd3 c4 17. Qc2 Qg7 18. Nbd2 Be8 19. Nxg5 Qxg5 20. Re3 Bg6
21. Qc1 h5 22. Nf3 Qh6 23. Nh4 Bf5 24. Qe1 Rf7 25. Rd1 Rg8 26. g3 Ne7 27. Rd4
Rg4 28. f4 Be4 29. Rexe4 dxe4 30. Qxe4 Rxh4 31. gxh4 Nd5 32. Rxc4 Rxf4 33. Qe2
Rxc4 34. Qxc4 Qc1+ 35. Kf2 Qd2+ 36. Kg3 Qe3+ 37. Kg2 Nf4+ 38. Kf1 Qh3+ 39. Ke1
Qe3+ 40. Kd1 Qd3+ 41. Qxd3 Nxd3 42. b3 Nxe5 43. Ke2 Kg7 44. Ke3 Ng4+ 45. Kf4
Kf6 46. h3 Nf2 47. Kf3 Nd1 48. c4 Ke5 49. a3 Nc3 50. Ke3 Ne4 51. b4 b6 52. a4
Nc3 53. a5 bxa5 54. bxa5 Na4 55. Kd3 Nc5+ 56. Kc3 a6 0-1

[Event "Mittelfrankenliga 05/06 (B2a)"]
[Site "Mfr.2005/06-R6"]
[Date "2006.02.12"]
[Round "6.6"]
[White "Fainberg, Jakob"]
[Black "Winkler, Marcus[78]"]
[Result "0-1"]
[WhiteElo "1961"]
[BlackElo "1812"]
[Annotator "Siem.Erlangen1-Lauf1"]
[PlyCount "142"]
[EventDate "2006.02.12"]
[SourceDate "2005.10.17"]

1. d4 Nf6 2. c4 g6 3. Nc3 Bg7 4. e4 d6 5. Nf3 O-O 6. Be2 Nbd7 7. O-O e5 8. dxe5
dxe5 9. Bg5 Re8 10. Qc2 c6 11. Rad1 Qc7 12. b4 Nf8 13. h3 Be6 14. Rd2 Rad8 15.
Rfd1 Rxd2 16. Rxd2 Bc8 17. Rd1 Ne6 18. Be3 b6 19. a4 Nd7 20. Qc1 Nf4 21. Bf1
Re6 22. g3 Nh5 23. b5 Re8 24. Qc2 Nhf6 25. Kh2 Bf8 26. Nd2 Nc5 27. Nb3 Nxb3 28.
Qxb3 Be6 29. bxc6 Qxc6 30. f3 Rc8 31. Nd5 Nd7 32. Rc1 Nc5 33. Qc3 Bd6 34. Bxc5
Qxc5 35. Rc2 Kg7 36. h4 f6 37. Bh3 Bxh3 38. Kxh3 Qc6 39. Qb3 Qd7+ 40. g4 Qc6
41. Qb5 Kf7 42. Ne3 Bc5 43. Nd5 Bd6 44. Qb3 Bc5 45. Ra2 h5 46. a5 Ra8 47. axb6
axb6 48. Rxa8 Qxa8 49. Qb5 Qb7 50. gxh5 gxh5 51. f4 Qc8+ 52. f5 Qd8 53. Qc6 Kg7
54. Qb7+ Kg8 55. Qa6 Kf7 56. Qa2 Qf8 57. Qg2 Qg7 58. Qe2 Qh6 59. Nc7 Qe3+ 60.
Qxe3 Bxe3 61. Nd5 Bd4 62. Kg3 Bc5 63. Kf3 Bd4 64. Ke2 Bc5 65. Kd3 Bf2 66. Nxb6
Bxb6 67. Kc3 Bf2 68. Kb4 Ke7 69. c5 Bxh4 70. Kb5 Kd7 71. Kc4 Kc6 0-1

[Event "Mittelfrankenliga 05/06 (B2a)"]
[Site "Mfr.2005/06-R6"]
[Date "2006.02.12"]
[Round "6.7"]
[White "Hartmann, Rainer"]
[Black "Ziegler, Ronald"]
[Result "0-1"]
[WhiteElo "1805"]
[BlackElo "1876"]
[Annotator "Siem.Erlangen1-Lauf1"]
[PlyCount "64"]
[EventDate "2006.02.12"]
[SourceDate "2005.10.17"]

1. e4 d5 2. exd5 Nf6 3. Nf3 Nxd5 4. c4 Nb4 5. d4 Bf5 6. Na3 e6 7. Be2 Be7 8.
O-O O-O 9. Bd2 N8c6 10. Bc3 Bd6 11. Ne1 Qh4 12. g3 Qg5 13. c5 Be7 14. f4 Qg6
15. Bh5 Qh6 16. Bf3 Rad8 17. Qb3 a5 18. Nb5 Nd5 19. Bxd5 Rxd5 20. Nxc7 Nxd4 21.
Nxd5 Ne2+ 22. Kg2 Qh3+ 23. Kf2 Qxh2+ 24. Ng2 Bxc5+ 25. Nde3 Bd3 26. Ke1 Qxg3+
27. Rf2 Bxe3 28. Nxe3 Qxe3 29. Bd2 Qe4 30. Qb6 Nd4+ 31. Kd1 Bc2+ 32. Kc1 Qh1+
0-1

[Event "Mittelfrankenliga 05/06 (B2a)"]
[Site "Mfr.2005/06-R6"]
[Date "2006.02.12"]
[Round "6.8"]
[White "Balhar, Rudolf"]
[Black "Neugebauer, Artur"]
[Result "1-0"]
[WhiteElo "1851"]
[BlackElo "1663"]
[Annotator "Siem.Erlangen1-Lauf1"]
[PlyCount "63"]
[EventDate "2006.02.12"]
[SourceDate "2005.10.17"]

1. e4 c5 2. Nc3 Nc6 3. g3 g6 4. Bg2 Bg7 5. d3 e6 6. Be3 d6 7. Qd2 a6 8. Nge2
Qe7 9. O-O Nf6 10. h3 O-O 11. Bh6 Re8 12. Bxg7 Kxg7 13. Rae1 Nd7 14. f4 Nb6 15.
f5 exf5 16. exf5 Bxf5 17. Nd4 Qd7 18. Nxf5+ gxf5 19. Qg5+ Kh8 20. Qf6+ Kg8 21.
Rxe8+ Rxe8 22. Rxf5 Re6 23. Rg5+ Kf8 24. Qh8+ Ke7 25. Qxh7 Nd4 26. Rg7 Re1+ 27.
Kf2 Qe6 28. Rxf7+ Qxf7+ 29. Qxf7+ Kxf7 30. Kxe1 Nxc2+ 31. Kd2 Nd4 32. Bxb7 1-0

[Event "Mittelfrankenliga 05/06 (B2a)"]
[Site "Mfr.2005/06-R6"]
[Date "2006.02.12"]
[Round "6.1"]
[White "Schatz, Christian"]
[Black "Auer, Guenther"]
[Result "1/2-1/2"]
[WhiteElo "2108"]
[BlackElo "2009"]
[Annotator "Altensittenbach2-SZ Fürth1"]
[PlyCount "31"]
[EventDate "2006.02.12"]
[SourceDate "2005.10.17"]

1. Nf3 f5 2. c4 Nf6 3. Nc3 d6 4. g3 g6 5. Bg2 Bg7 6. O-O O-O 7. d3 e5 8. Rb1 a5
9. a3 Nc6 10. b4 axb4 11. axb4 f4 12. b5 Nd4 13. Nxd4 exd4 14. Nd5 fxg3 15.
hxg3 Ng4 16. f3 1/2-1/2

[Event "Mittelfrankenliga 05/06 (B2a)"]
[Site "Mfr.2005/06-R6"]
[Date "2006.02.12"]
[Round "6.2"]
[White "Roesel, Gert"]
[Black "Aronow, Maxim"]
[Result "0-1"]
[WhiteElo "1889"]
[BlackElo "2291"]
[Annotator "Altensittenbach2-SZ Fürth1"]
[PlyCount "74"]
[EventDate "2006.02.12"]
[SourceDate "2005.10.17"]

1. e4 c5 2. Nf3 d6 3. d4 cxd4 4. Nxd4 Nf6 5. Nc3 Nc6 6. Be2 g6 7. Be3 Bg7 8. f3
O-O 9. Qd2 d5 10. O-O-O Nxd4 11. Bxd4 dxe4 12. Nxe4 Nxe4 13. fxe4 e5 14. Be3
Qc7 15. Qd6 Qa5 16. Bc4 Bg4 17. Rdf1 Qa4 18. Qd3 Rac8 19. Bb3 Qc6 20. Bd5 Qc7
21. Rf2 Rcd8 22. Qb3 Bc8 23. Rhf1 Rd7 24. Bxa7 b5 25. Be3 Bb7 26. Bxb7 Qxb7 27.
Bc5 Rc8 28. Ba3 Bh6+ 29. Kb1 Rcd8 30. c3 Qxe4+ 31. Ka1 Qd3 32. Rb1 e4 33. Bc5
e3 34. Rf3 Qxb1+ 35. Kxb1 Rd1+ 36. Qxd1 Rxd1+ 37. Kc2 e2 0-1

[Event "Mittelfrankenliga 05/06 (B2a)"]
[Site "Mfr.2005/06-R6"]
[Date "2006.02.12"]
[Round "6.4"]
[White "Ammon, Tobias"]
[Black "Hepting, Heinrich"]
[Result "0-1"]
[WhiteElo "1735"]
[BlackElo "2155"]
[Annotator "Altensittenbach2-SZ Fürth1"]
[PlyCount "82"]
[EventDate "2006.02.12"]
[SourceDate "2005.10.17"]

1. e4 c5 2. Nc3 Nc6 3. f4 g6 4. Nf3 Bg7 5. Bb5 e6 6. Bxc6 bxc6 7. e5 d5 8. d3
Ne7 9. b3 Nf5 10. Na4 d4 11. O-O Bf8 12. g4 Ng7 13. Ng5 h5 14. Ne4 Be7 15. g5
c4 16. dxc4 Nf5 17. c5 Ba6 18. Re1 Bb5 19. Nb2 Qd5 20. Qf3 Kf8 21. a4 Ba6 22.
Nd3 Rb8 23. Rd1 Kg7 24. Qh1 Rhc8 25. Nd6 Bxd6 26. cxd6 Qa5 27. b4 Qd8 28. Rb1
Bc4 29. Qg2 Bd5 30. Qf2 c5 31. b5 Ba8 32. Bd2 Qb6 33. Kf1 Qb7 34. Ne1 c4 35. c3
Qh1+ 36. Qg1 Qe4 37. cxd4 c3 38. Rbc1 cxd2 39. Rxc8 dxe1=Q+ 40. Rxe1 Qd3+ 41.
Re2 Rxc8 0-1

[Event "Mittelfrankenliga 05/06 (B2a)"]
[Site "Mfr.2005/06-R6"]
[Date "2006.02.12"]
[Round "6.5"]
[White "Stolpynskyy, Mark"]
[Black "Bayer, Willi"]
[Result "1-0"]
[WhiteElo "2114"]
[BlackElo "1610"]
[Annotator "Altensittenbach2-SZ Fürth1"]
[PlyCount "77"]
[EventDate "2006.02.12"]
[SourceDate "2005.10.17"]

1. d4 Nf6 2. c4 g6 3. Nc3 d5 4. Nf3 Bg7 5. Bg5 Ne4 6. cxd5 Nxc3 7. bxc3 Qxd5 8.
Bf4 Qd8 9. e3 O-O 10. Be2 c5 11. O-O cxd4 12. cxd4 b6 13. Rc1 Bb7 14. Qa4 e6
15. Rfd1 Qd7 16. Qxd7 Nxd7 17. Rc7 Bc8 18. Bb5 Nf6 19. Bc6 Nd5 20. Bxa8 Nxc7
21. Bxc7 Ba6 22. Be4 Rc8 23. Be5 Bf8 24. d5 f5 25. Bb1 exd5 26. Bb2 Bc4 27. Ne5
Bg7 28. Nxc4 dxc4 29. Bxg7 Kxg7 30. Rd7+ Kh6 31. Kf1 c3 32. Bc2 Rc5 33. Ke2 Ra5
34. a4 b5 35. axb5 Rxb5 36. Rxa7 Rd5 37. Bd3 Rc5 38. Ra2 Kg5 39. Kd1 1-0

[Event "Mittelfrankenliga 05/06 (B2a)"]
[Site "Mfr.2005/06-R6"]
[Date "2006.02.12"]
[Round "6.6"]
[White "Churt, Kerstin,Dr."]
[Black "Schatz, Werner[33]"]
[Result "1/2-1/2"]
[WhiteElo "1787"]
[BlackElo "2010"]
[Annotator "Altensittenbach2-SZ Fürth1"]
[PlyCount "65"]
[EventDate "2006.02.12"]
[SourceDate "2005.10.17"]

1. e4 c5 2. Nf3 Nc6 3. d4 cxd4 4. Nxd4 g6 5. Nc3 Bg7 6. Be3 d6 7. Be2 Nf6 8.
O-O O-O 9. Nxc6 bxc6 10. Qd2 Qa5 11. a3 Re8 12. b4 Qc7 13. Rab1 Bb7 14. Rfd1 a5
15. b5 Reb8 16. f3 cxb5 17. Nxb5 Qd8 18. c4 Nd7 19. Nxd6 exd6 20. Qxd6 Bxe4 21.
Rxb8 Qxb8 22. Qxb8+ Rxb8 23. fxe4 Ne5 24. Bf4 Rc8 25. Rd5 f6 26. Bxe5 fxe5 27.
Rxa5 Bf8 28. a4 Bc5+ 29. Kf1 Bd4 30. Bg4 Rf8+ 31. Bf3 Rc8 32. Bg4 Rf8+ 33. Bf3
1/2-1/2

[Event "Mittelfrankenliga 05/06 (B2a)"]
[Site "Mfr.2005/06-R6"]
[Date "2006.02.12"]
[Round "6.7"]
[White "Pidtoptanyy, Igor"]
[Black "Kellner, Reinhard"]
[Result "1-0"]
[WhiteElo "1871"]
[BlackElo "1546"]
[Annotator "Altensittenbach2-SZ Fürth1"]
[PlyCount "73"]
[EventDate "2006.02.12"]
[SourceDate "2005.10.17"]

1. e4 e5 2. Nf3 Nc6 3. Bb5 d6 4. d4 exd4 5. Nxd4 Bd7 6. O-O Nxd4 7. Bxd7+ Qxd7
8. Qxd4 Ne7 9. Bf4 Nc6 10. Qc3 f6 11. Nd2 O-O-O 12. Rad1 h5 13. Nc4 Qf7 14. Na5
Nxa5 15. Qxa5 Kb8 16. Be3 b6 17. Qa6 c5 18. a4 Qb7 19. Qxb7+ Kxb7 20. Rd5 g6
21. Bd2 Bg7 22. c3 Rd7 23. Rd1 Kc6 24. h4 Rf8 25. g3 Rff7 26. Kg2 Rfe7 27. f3
Rf7 28. f4 Rfe7 29. Kf3 Rf7 30. f5 g5 31. hxg5 fxg5 32. Bxg5 Bf6 33. Bxf6 Rxf6
34. Rh1 Rh7 35. Rd2 h4 36. Rxh4 Rxh4 37. gxh4 1-0

[Event "Mittelfrankenliga 05/06 (B2a)"]
[Site "Mfr.2005/06-R6"]
[Date "2006.02.12"]
[Round "6.8"]
[White "Schoenhoefer, Michael"]
[Black "Engel, Georg[49]"]
[Result "0-1"]
[WhiteElo "1551"]
[BlackElo "1506"]
[Annotator "Altensittenbach2-SZ Fürth1"]
[PlyCount "44"]
[EventDate "2006.02.12"]
[SourceDate "2005.10.17"]

1. Nc3 f5 2. d4 Nf6 3. Bf4 g6 4. Nf3 Bg7 5. e3 O-O 6. Bd3 d6 7. O-O b6 8. Re1
Bb7 9. e4 fxe4 10. Nxe4 Nxe4 11. Bxe4 Bxe4 12. Bg5 Bxf3 13. gxf3 Bf6 14. Qd2
Nd7 15. Rad1 e5 16. dxe5 Bxg5 17. Qd5+ Kg7 18. exd6 cxd6 19. Qxd6 Rf7 20. Rd3
Qf8 21. Qd5 Bf6 22. b3 Rd8 0-1

[Event "Mittelfrankenliga 05/06 (B2a)"]
[Site "Mfr.2005/06-R6"]
[Date "2006.02.12"]
[Round "6.1"]
[White "Goetz, Dieter[65]"]
[Black "Kalender, Benjamin"]
[Result "0-1"]
[WhiteElo "1872"]
[BlackElo "2049"]
[Annotator "Forchheim3-Nbg.1911/2"]
[PlyCount "118"]
[EventDate "2006.02.12"]
[SourceDate "2005.10.17"]

1. c4 e5 2. Nc3 f5 3. g3 Nf6 4. Bg2 g6 5. d3 Bg7 6. e4 fxe4 7. dxe4 O-O 8. Nge2
d6 9. O-O Be6 10. Nd5 Nbd7 11. h3 c6 12. Ne3 Nc5 13. Nc3 Bh6 14. Qe2 Qd7 15.
Kh2 Qf7 16. b3 Rfd8 17. Bb2 a5 18. Ba3 Na6 19. Rfd1 Nb4 20. Nc2 c5 21. Nb5 Qe7
22. Bxb4 axb4 23. a3 bxa3 24. Rxa3 Ra6 25. Rda1 Rda8 26. Qd3 Ne8 27. Rxa6 Rxa6
28. Rxa6 bxa6 29. Nc3 Nc7 30. Ne3 Bxe3 31. Qxe3 Bc8 32. Nd5 Nxd5 33. cxd5 g5
34. Qd2 h6 35. Qa5 Kf7 36. Qb6 Qd7 37. g4 Ke7 38. Bf1 Qb7 39. Qa5 Qxb3 40. Qc7+
Bd7 41. Bxa6 Qf3 42. Bc8 Qxf2+ 43. Kh1 Qf1+ 44. Kh2 Qf4+ 45. Kg1 Qg3+ 46. Kf1
Qxh3+ 47. Kf2 Qh2+ 48. Ke1 Qg1+ 49. Kd2 Qxg4 50. Bxd7 Qxd7 51. Qb8 Kf7 52. Qh8
Kg6 53. Qg8+ Kh5 54. Qf8 Qc7 55. Qf3+ Kg6 56. Qf5+ Kg7 57. Kd3 Qf7 58. Qg4 Kg6
59. Kc3 h5 0-1

[Event "Mittelfrankenliga 05/06 (B2a)"]
[Site "Mfr.2005/06-R6"]
[Date "2006.02.12"]
[Round "6.2"]
[White "Haubold, Martin"]
[Black "Hannweber, Markus"]
[Result "1/2-1/2"]
[WhiteElo "2008"]
[BlackElo "1853"]
[Annotator "Forchheim3-Nbg.1911/2"]
[PlyCount "44"]
[EventDate "2006.02.12"]
[SourceDate "2005.10.17"]

1. d4 Nf6 2. Bg5 g6 3. Bxf6 exf6 4. e3 Bg7 5. g3 O-O 6. Bg2 d5 7. Ne2 c6 8. O-O
Na6 9. Nd2 Nc7 10. a4 Ne6 11. c4 dxc4 12. Nxc4 Nc7 13. Rc1 Nd5 14. e4 Nb4 15.
Qd2 a5 16. Rfd1 f5 17. e5 Be6 18. Nd6 Qd7 19. Nf4 Rfd8 20. Nxe6 fxe6 21. f4 Bf8
22. Nc4 Qc7 1/2-1/2

[Event "Mittelfrankenliga 05/06 (B2a)"]
[Site "Mfr.2005/06-R6"]
[Date "2006.02.12"]
[Round "6.3"]
[White "Dereser, Marc"]
[Black "Gueldner, Udo"]
[Result "0-1"]
[WhiteElo "1851"]
[BlackElo "1774"]
[Annotator "Forchheim3-Nbg.1911/2"]
[PlyCount "70"]
[EventDate "2006.02.12"]
[SourceDate "2005.10.17"]

1. d4 d5 2. Nf3 Nf6 3. g3 e6 4. Bg2 Nbd7 5. Nbd2 Bd6 6. b3 e5 7. dxe5 Nxe5 8.
Bb2 Qe7 9. O-O O-O 10. Re1 Bg4 11. h3 Bh5 12. Qc1 Rfe8 13. Nd4 Bg6 14. c4 dxc4
15. Nxc4 Nxc4 16. Qxc4 Ne4 17. Nf3 Rad8 18. e3 Bb4 19. Red1 Qc5 20. Qxc5 Nxc5
21. Nd4 Nd3 22. Nc2 Be7 23. Bd4 c5 24. Bc3 Nxf2 25. Kxf2 Bxc2 26. Rdc1 Bf5 27.
Bxb7 Bg5 28. Re1 Rd3 29. e4 Bxh3 30. Bc6 Red8 31. Ba5 R8d6 32. Bd5 Bg4 33. Bc4
Rf6+ 34. Kg1 Rxg3+ 35. Kh2 Bf4 0-1

[Event "Mittelfrankenliga 05/06 (B2a)"]
[Site "Mfr.2005/06-R6"]
[Date "2006.02.12"]
[Round "6.4"]
[White "Walter, Eugen"]
[Black "Walter, Markus,Dr."]
[Result "1/2-1/2"]
[WhiteElo "1798"]
[BlackElo "1952"]
[Annotator "Forchheim3-Nbg.1911/2"]
[PlyCount "78"]
[EventDate "2006.02.12"]
[SourceDate "2005.10.17"]

1. Nf3 d5 2. g3 Nf6 3. Bg2 c5 4. c4 e6 5. O-O Be7 6. d3 O-O 7. cxd5 exd5 8. b3
Nc6 9. Bb2 Be6 10. Nbd2 Qd7 11. Re1 Rad8 12. Rc1 b6 13. a3 Rfe8 14. Qc2 Rc8 15.
Qb1 d4 16. Qa1 Na5 17. Ne5 Qd6 18. Nec4 Nxc4 19. Nxc4 Qd7 20. Ne5 Qd6 21. Nc4
Qb8 22. Rc2 Nd7 23. Bc1 Bxc4 24. bxc4 Ne5 25. a4 Bd8 26. Bf4 Bc7 27. Qd1 Re7
28. Bg5 f6 29. Bf4 Rce8 30. Bd5+ Kh8 31. Kg2 Ng6 32. Bxc7 Qxc7 33. Ra2 Re5 34.
h3 Ne7 35. Bf3 Nc6 36. Qd2 Nb4 37. Ra3 a5 38. Raa1 Qe7 39. Rad1 Qd7 1/2-1/2

[Event "Mittelfrankenliga 05/06 (B2a)"]
[Site "Mfr.2005/06-R6"]
[Date "2006.02.12"]
[Round "6.5"]
[White "Laibing, Kai-Ingo"]
[Black "Schwab, Edgar"]
[Result "1-0"]
[WhiteElo "1850"]
[BlackElo "1866"]
[Annotator "Forchheim3-Nbg.1911/2"]
[PlyCount "87"]
[EventDate "2006.02.12"]
[SourceDate "2005.10.17"]

1. b3 d5 2. Bb2 c5 3. Nf3 Nc6 4. g3 Bf5 5. Bg2 e6 6. d3 Nf6 7. Nbd2 h6 8. e3
Be7 9. a3 O-O 10. O-O b5 11. Qe2 Bg4 12. h3 Bh5 13. Rfe1 Qb6 14. Rab1 Rac8 15.
c4 a6 16. g4 Bg6 17. Ne5 Nxe5 18. Bxe5 Rfd8 19. e4 dxe4 20. dxe4 b4 21. a4 Bd6
22. Bb2 Bf4 23. Rbd1 e5 24. Nf1 Qe6 25. f3 Nd7 26. Ne3 h5 27. Nd5 Bg3 28. Rf1
hxg4 29. fxg4 Nb8 30. Qe3 Bh4 31. Kh2 Be7 32. Qg3 Nc6 33. h4 Nd4 34. h5 Bh7 35.
g5 Rc6 36. Rf2 Kf8 37. g6 Bg8 38. Bh3 Qd6 39. gxf7 Bh7 40. Bxd4 exd4 41. e5 Qh6
42. Nxe7 Kxe7 43. e6 Qxh5 44. Qxg7 1-0

[Event "Mittelfrankenliga 05/06 (B2a)"]
[Site "Mfr.2005/06-R6"]
[Date "2006.02.12"]
[Round "6.6"]
[White "Theiler, Maximilian"]
[Black "Zimmer, Frank,Dr."]
[Result "1/2-1/2"]
[WhiteElo "1466"]
[BlackElo "1807"]
[Annotator "Forchheim3-Nbg.1911/2"]
[PlyCount "87"]
[EventDate "2006.02.12"]
[SourceDate "2005.10.17"]

1. d4 Nf6 2. Nf3 g6 3. c4 Bg7 4. Bg5 h6 5. Bh4 O-O 6. Nc3 d6 7. e3 c5 8. h3 a6
9. Bd3 Re8 10. O-O e5 11. dxe5 dxe5 12. Bxf6 Bxf6 13. Be4 Nc6 14. Qxd8 Rxd8 15.
Rad1 Be6 16. Nd5 Bxd5 17. cxd5 Na5 18. b3 Rac8 19. Nd2 b5 20. Bf3 c4 21. bxc4
Nxc4 22. Ne4 Be7 23. Be2 Nd6 24. Nxd6 Bxd6 25. Rc1 Ba3 26. Rxc8 Rxc8 27. Bd3
Rc3 28. Rd1 Kf8 29. d6 Rc1 30. Rxc1 Bxc1 31. Be4 Ba3 32. d7 Ke7 33. Bc6 Kd8 34.
Kf1 f6 35. e4 Kc7 36. Ke2 Be7 37. Bd5 Kxd7 38. f3 Kd6 39. Kd3 Kc5 40. Kc3 Bd8
41. Kd3 Kb4 42. Kc2 Kc5 43. Kd3 Bb6 44. Bf7 1/2-1/2

[Event "Mittelfrankenliga 05/06 (B2a)"]
[Site "Mfr.2005/06-R6"]
[Date "2006.02.12"]
[Round "6.7"]
[White "Huger, Horst"]
[Black "Mons, Leon"]
[Result "1-0"]
[WhiteElo "1825"]
[BlackElo "1449"]
[Annotator "Forchheim3-Nbg.1911/2"]
[PlyCount "101"]
[EventDate "2006.02.12"]
[SourceDate "2005.10.17"]

1. Nf3 d5 2. g3 c6 3. Bg2 Bf5 4. b3 e6 5. Bb2 Nf6 6. O-O Nbd7 7. c4 Rc8 8. Na3
Be7 9. Nc2 O-O 10. Ne3 Bg6 11. d3 Qb6 12. Qd2 Bb4 13. Bc3 Bxc3 14. Qxc3 Rfd8
15. b4 Nb8 16. Qb3 Qc7 17. Rfc1 Qe7 18. Ne5 Qd6 19. Nxg6 hxg6 20. b5 Rc7 21. a4
d4 22. c5 Qe7 23. b6 axb6 24. cxb6 Rcc8 25. Nc4 Na6 26. Qa3 Qxa3 27. Nxa3 Kf8
28. f4 Ke7 29. Kf2 Ng4+ 30. Kg1 Ne3 31. Bf3 f5 32. Nc4 Nxc4 33. Rxc4 Kf6 34. h4
Rd7 35. Kf2 Rcd8 36. Rg1 e5 37. fxe5+ Kxe5 38. g4 Rh8 39. gxf5 gxf5 40. h5 Kf6
41. a5 Rh6 42. e3 dxe3+ 43. Kxe3 Kf7 44. Rg5 Kf6 45. Kf4 Rxd3 46. Rxf5+ Ke7 47.
Re4+ Re6 48. Rg5 Rxe4+ 49. Bxe4 Rh3 50. Rxg7+ Kd6 51. Bf3 1-0